000 nam a22 a 4500
999 _c186741
_d186741
003 BLK
005 20220711144945.0
008 180411b bul|||||r ||||||| ||bul||
010 _aKNG00195737000
040 _aBLK
041 _aBUL
_cBUL
080 _aБългарска литература
_b821.163.2
_x-1
_z821.163.2-1
100 1 _aПейчев, Иван Петров
_eпърви автор
_9364624
139 _aПейчев, Иван Петров
_bП 33
245 1 0 _aЛаконично небе
_bСтихове
_cИван Петров Пейчев.
257 _aBGR
260 _bХристо Г. Данов
_c1967
_aСофия
300 _a96 с., 1 л. портр.
_c21 см
380 _aX
852 _aЦб 52974
856 4 _qpdf
856 4 _qpdf
942 _cKNG
_n0
_s1
944 _aCR
_c11.11.2016
_kКети_Илиева
944 _aED
_c11.11.2016
_kКети_Илиева
999 _d186741